|
LDR
| 01427nam a2200361 4500 |
|---|
| 001 | 22323 |
|---|
| 003 | CZ-PrJAB |
|---|
| 005 | 20150721105505.0 |
|---|
| 007 | ta |
|---|
| 008 | 940824s1994 xr a j p 000 cze |
|---|
| 015 | | . |
‡acnb000087201 |
|---|
| 020 | | . |
‡a80-7168-110-5
‡q(brož.) :
‡cKč 49,00 |
|---|
| 035 | | . |
‡a(CZ PrNK)np9427010 |
|---|
| 035 | | . |
‡a(OCoLC)39603695 |
|---|
| 040 | | . |
‡aABA001
‡bcze |
|---|
| 045 | | . |
‡aw-x2 |
|---|
| 072 | | 7. |
‡a82
‡xLiteratura. Literární život
‡2Konspekt
‡911 |
|---|
| 072 | | 7. |
‡a37.016
‡xUčební osnovy. Vyučovací předměty. Učebnice
‡2Konspekt
‡922 |
|---|
| 080 | | . |
‡a82.0
‡2undef |
|---|
| 080 | | . |
‡a885.0
‡2undef |
|---|
| 245 | 0 | 0. |
‡aLiteratura 19. a začátku 20. století :
‡bučebnice literatury pro 2. ročník středních škol /
‡c[sestavili Vladimír Forst ... et al. ; ilustroval Josef Velčovský] |
|---|
| 246 | 3 | . |
‡aLiteratura XIX. a začátku XX. století |
|---|
| 246 | 3 | . |
‡aLiteratura devatenáctého a začátku dvacátého století |
|---|
| 246 | 3 | 0. |
‡aUčebnice literatury pro 2. ročník středních škol |
|---|
| 250 | | . |
‡aVyd. 1. |
|---|
| 260 | | . |
‡aPraha :
‡bFortuna,
‡c1994
‡e(Olomouc :
‡fMoravská tiskárna) |
|---|
| 300 | | . |
‡a295 s. :
‡bil. ;
‡c21 cm |
|---|
| 653 | 0 | . |
‡asvětová literatura
‡ačeská literatura |
|---|
| 655 | | 7. |
‡ačítanky
‡7fd133984
‡2czenas |
|---|
| 655 | | 7. |
‡aučebnice středních škol
‡7fd133771
‡2czenas |
|---|
| 700 | 1 | . |
‡aForst, Vladimír,
‡d1921-2010
‡7jk01031611
‡4com |
|---|
| 910 | | . |
‡aABE463 |
|---|
| 964 | | . |
‡aLiteratura světová - stol. 19.-20., poč. - učebnice škol střed. |
|---|
| 998 | | . |
‡a000087201 |
|---|
| 901 | | . |
‡a22323
‡b
‡c22323
‡tbiblio |
|---|